| 000 | 00860nam a22002177a 4500 | ||
|---|---|---|---|
| 003 | BD-DhUL | ||
| 005 | 20210825150159.0 | ||
| 008 | 160613s1993 bg a|||| |||| 001 0 ben | ||
| 020 | _a9840501380 (hbk) | ||
| 040 |
_aBD-DhUL _cBD-DhUL |
||
| 082 |
_a070.5 _bAHB |
||
| 100 | 1 | _aআহমেদ, মহিউদ্দিন । | |
| 245 | 0 | 0 |
_aবাংলাদেশে পুস্তক প্রকাশনা / _cমহিউদ্দিন আহমেদ । |
| 260 |
_aঢাকা : _bইউনিভার্সিটি প্রেস, _c১৯৯৩। |
||
| 300 |
_a[৮], ১২০ পৃ. : _bচিত্র ; _c২২ সেমি. |
||
| 365 |
_aBDT _b100.00 |
||
| 500 | _aনির্ঘন্ট সংবলিত । | ||
| 650 | 0 | _aপুস্তক প্রকাশনা । | |
| 650 | 0 | _aBook publication. | |
| 942 |
_2ddc _cBK |
||
| 999 |
_c78162 _d78162 |
||